[Event "Moscow op-B"]
[Site "Moscow"]
[Date "2009.02.03"]
[Round "4"]
[White "Uraev, Ivan"]
[Black "Tobengauz, Pavel"]
[Result "1/2-1/2"]
[WhiteElo "2194"]
[BlackElo "1955"]
[PlyCount "82"]
[EventDate "2009.01.31"]
[EventType "swiss"]
[EventRounds "9"]
[EventCountry "RUS"]
[SourceTitle "EXT 2012"]
[Source "ChessBase"]
[SourceDate "2011.11.24"]
[SourceVersion "1"]
[SourceVersionDate "2011.11.24"]
[SourceQuality "1"]

1. c4 b6 2. Nc3 e6 3. e4 Bb7 4. d4 Bb4 5. f3 f5 6. exf5 Nh6 7. fxe6 Nf5 8. Bf4 dxe6 9. Nge2 0-0 10. a3 Qh4+ 11. g3 Bxc3+ 12. Nxc3 Qh5 13. Bg2 Nh4 14. 0-0 Nd7 15. Ne4 Nxg2 16. Kxg2 Nf6 17. Qd3 Rad8 18. Bxc7 Rd7 19. Nxf6+ Rxf6 20. Bb8 Rdf7 21. d5 exd5 22. cxd5 Bxd5 23. Bf4 Bc6 24. Rac1 g5 25. Rxc6 Rxc6 26. Qd8+ Kg7 27. Be5+ Kh6 28. Bc3 Qg6 29. h4 Rxc3 30. hxg5+ Qxg5 31. Rh1+ Kg6 32. Qg8+ Kf6 33. Qh8+ Qg7 34. Qxg7+ Kxg7 35. bxc3 Rc7 36. Rd1 a5 37. Rd3 Rc4 38. g4 Ra4 39. Rd7+ Kg8 40. Rd8+ Kg7 41. Rd7+ Kg8 1/2-1/2

[Event "Moscow op-B"]
[Site "Moscow"]
[Date "2009.02.01"]
[Round "3"]
[White "Tobengauz, Pavel"]
[Black "Uteshev, Arsen"]
[Result "1-0"]
[WhiteElo "1955"]
[BlackElo "2141"]
[PlyCount "65"]
[EventDate "2009.01.31"]
[EventType "swiss"]
[EventRounds "9"]
[EventCountry "RUS"]
[SourceTitle "EXT 2012"]
[Source "ChessBase"]
[SourceDate "2011.11.24"]
[SourceVersion "1"]
[SourceVersionDate "2011.11.24"]
[SourceQuality "1"]

1. e4 c5 2. c4 Nc6 3. Nc3 g6 4. g3 Bg7 5. Bg2 e6 6. Nge2 Nge7 7. 0-0 0-0 8. a3 d6 9. Rb1 a5 10. b3 Nd4 11. Nxd4 cxd4 12. Ne2 d5 13. exd5 exd5 14. d3 Bg4 15. h3 Be6 16. Re1 Qd7 17. Nf4 Ra6 18. a4 dxc4 19. bxc4 Nc6 20. Nxe6 fxe6 21. Rxe6 Kh8 22. Qe2 Nb4 23. Re7 Qxa4 24. Rxg7 Kxg7 25. Qe7+ Rf7 26. Bh6+ Kxh6 27. Qxf7 Ra8 28. Re1 Nxd3 29. Re4 Qd1+ 30. Kh2 Qd2 31. Rh4+ Kg5 32. Qe7+ Kf5 33. Be4# 1-0